00350pab a2200133 454500008004000000100002200040245007100062260000900133300001100142362000800153650002900161650001000190773001600200180718b1999 xxu||||| |||| 00| 0 eng d aBorah, Jnanashree aWomen, domestic fuels and environment: a study of rural North East c1999 ap.9-13 aSep aWomen - North East India aWomen aKurukshetra